Catalog

Record Details

Catalog Search



Jewish festivals throughout the year  Cover Image Book Book

Jewish festivals throughout the year / by Anita Ganeri.

Summary:

Introduces the main Jewish festivals from Rosh Hashanah to Shavuot, tells the story behind each festival, and describes how each one is celebrated around the world today.

Record details

  • ISBN: 1583403736
  • Physical Description: 30 pages : color illustrations ; 27 cm.
  • Publisher: Mankato, MN : Smart Apple Media, c2003.

Content descriptions

Bibliography, etc. Note:
Includes bibliographical references and index.
Subject: Fasts and feasts > Judaism > Juvenile literature.
Fasts and feasts > Judaism.

Available copies

  • 1 of 1 copy available at scottsboropl.

Holds

  • 0 current holds with 1 total copy.
Show Only Available Copies
Location Call Number / Copy Notes Barcode Shelving Location Status Due Date
scottsboropl J 296.4 Gan 32269000705569 Juvenile - NonFiction Available -

LDR 01144nam a2200289 a 4500
001127198
003CONS
00520140703073303.0
008030102s2003 mnua c b 001 0 eng
010 . ‡a 2003040300
020 . ‡a1583403736
035 . ‡a(CPomAG)LMN495302
042 . ‡apcc ‡alcac
05000. ‡aBM690 ‡b.G315 2003
08200. ‡a296.4/3 ‡221
1001 . ‡aGaneri, Anita, ‡d1961-
24510. ‡aJewish festivals throughout the year / ‡cby Anita Ganeri.
260 . ‡aMankato, MN : ‡bSmart Apple Media, ‡cc2003.
300 . ‡a30 pages : ‡bcolor illustrations ; ‡c27 cm.
440 2. ‡aA year of festivals
520 . ‡aIntroduces the main Jewish festivals from Rosh Hashanah to Shavuot, tells the story behind each festival, and describes how each one is celebrated around the world today.
504 . ‡aIncludes bibliographical references and index.
650 0. ‡aFasts and feasts ‡xJudaism ‡vJuvenile literature.
650 1. ‡aFasts and feasts ‡xJudaism.
914 . ‡dLMN_cm
959 . ‡i32269000705569 ‡lJ296.4 Gan ‡aJuvenile - NonFiction ‡tJuv Nonfiction ‡g19.00
852 . ‡p32269000705569 ‡jJ296.4 Gan ‡gJuvenile - NonFiction ‡cJuv Nonfiction ‡y19.00 ‡bSBPL
901 . ‡a127198 ‡bUnknown ‡c127198 ‡tbiblio

Additional Resources